Datum a čas kvízu
26
Celkem bodů
Celkový počet nahraných bodů na tomto kvízu bez doplňovacích otázek.
4.
Pořadí na kvízu
Konečné umístění týmu na tomto kvízu.
Zaznamenané odpovědi
| # | Otázka | Odpověď | Body | Výsledky |
|---|---|---|---|---|
| 1. | Jeden z ministrů české vlády s... | Robert Plaga | 1 | |
| 2. | Jeden muž v severoanglickém Ma... | had | 1 | |
| 3. | Na rozdíl od dob socialismu se... | Máša a medvěd | 0 | |
| 4. | Cena Ig Nobel Prize, tedy jaká... | helium | 1 | |
| 5. | Jak se jmenuje vítěz mužské dv... | Dominic Thiem | 1 | |
| 6. | Po dějinách Ukrajiny, které js... | Štěpán I. (Svatý) | 0 | |
| 7. | Jak se nazývá město v jižním M... | Moháč | 0 | |
| 8. | V rámci Pařížské mírové konfer... | Trianonská smlouva | 0 | |
| 9. | Liberální pojetí socialismu sp... | gulášový socialismus/komunismus | 0 | |
| 10. | Napište šestipísmennou zkratku... | Fidesz | 0 |